The man who was M : the life of Maxwell Knight /

Bibliographic Details
Main Author: Masters, Anthony, 1940-2003
Format: Book
Language:English
Published: Oxford; New York, NY : B. Blackwell, 1984.
Subjects:

MARC

Tag First Indicator Second Indicator Subfields
LEADER 00000cam a2200000 a 4500
001 in00000553821
005 20151014051846.0
008 840802s1984 nyuacf b 00110beng
010 |a  84018403  
020 |a 0631133925 :  |c $16.95 
035 |a (OCoLC)11067549 
035 |9 ACJ6456AM 
039 0 |a 2  |b 3  |c 3  |d 3  |e 3 
040 |a DLC  |c DLC  |d TXA  |d UtOrBLW 
043 |a e-uk--- 
049 |a TXAM 
050 0 0 |a UB271.G72  |b K556 1984 
082 0 |a 327.1/0924  |a B  |2 19 
100 1 |a Masters, Anthony,  |d 1940-2003. 
245 1 4 |a The man who was M :  |b the life of Maxwell Knight /  |c Anthony Masters. 
264 1 |a Oxford;  |a New York, NY :  |b B. Blackwell,  |c 1984. 
300 |a 212 pages, 16 unnumbered pages of plates :  |b illustrations, portraits ;  |c 24 cm. 
336 |a text  |b txt  |2 rdacontent 
337 |a unmediated  |b n  |2 rdamedia 
338 |a volume  |b nc  |2 rdacarrier 
500 |a Includes index. 
504 |a Bibliography: pages [203]-205. 
600 1 0 |a Knight, Maxwell,  |d 1900-1968. 
650 0 |a Intelligence officers  |z Great Britain  |v Biography. 
650 0 |a Intelligence service  |z Great Britain  |x History  |y 20th century. 
999 |a MARS 
999 f f |s 04b19e64-133b-3c34-be02-cd5beef964a6  |i 1802f966-c272-3fba-80e0-3645ca263be8  |t 0 
952 f f |p ric  |a Texas A&M University  |b Rellis Campus  |c Joint Library Facility  |d Remote Storage  |t 0  |e UB271.G72 K556 1984  |h Library of Congress classification  |i unmediated -- volume  |m A14808259587 
998 f f |a UB271.G72 K556 1984  |t 0  |l Remote Storage